Hertsmere BC v Reid Estates Ltd (Record no. 66674)

MARC details
000 -LEADER
fixed length control field 00841cam a2200181 4500
001 - CONTROL NUMBER
control field X111876
008 - FIXED-LENGTH DATA ELEMENTS--GENERAL INFORMATION
fixed length control field 000000n2001 000 0 eng u
035 ## - SYSTEM CONTROL NUMBER
System control number (Sirsi) u111876
245 ## - TITLE STATEMENT
Title Hertsmere BC v Reid Estates Ltd
260 ## - PUBLICATION, DISTRIBUTION, ETC.
Date of publication, distribution, etc. 2001
490 ## - SERIES STATEMENT
Series statement Property, Planning and Compensation Reports
Volume/sequential designation [2001] 81 P&CR 208-212(5)
520 ## - SUMMARY, ETC.
Summary, etc. QBD 12 June 200. Town and Country Planning. (Control of Advertisements Regulaitons 1992) Deemed consent. Class 14. Failure to maintain advertisement in a clean and tidy condition. Reasonable satisfaction of local authority. (Taken from headnote)
650 ## - SUBJECT ADDED ENTRY--TOPICAL TERM
Topical term or geographic name entry element HERTSMERE BC V REID ESTATES
650 ## - SUBJECT ADDED ENTRY--TOPICAL TERM
Topical term or geographic name entry element TOWN AND COUNTRY PLANNING (CONTROL OF ADVERTISEMENTS) REGULATIONS 1992
650 ## - SUBJECT ADDED ENTRY--TOPICAL TERM
Topical term or geographic name entry element PLANNING CONSENT
690 ## - LOCAL SUBJECT ADDED ENTRY--TOPICAL TERM (OCLC, RLIN)
Topical term or geographic name as entry element ENVIRONMENTAL AND LAND CONSULTANCY-PLANNING AND DEVELOPMENT
942 ## - ADDED ENTRY ELEMENTS (KOHA)
Suppress in OPAC 0
Holdings
Withdrawn status Lost status Source of classification or shelving scheme Damaged status Not for loan Home library Current library Shelving location Date acquired Total Checkouts Full call number Barcode Date last seen Copy number Price effective from Koha item type
    Dewey Decimal Classification     London London Journal article 05/04/2001   X111876 111876-1001 06/08/2019 1 06/08/2019 Law report